Personnages de Fast and Furious - Statistiques

Statistiques générales
  • Ce quiz a été pris 777 fois
  • Le résultat moyen est 15 sur 44
Statistiques - réponses
1ère appartion Personnage % Correct
Fast and Furious Dominic Toretto
99%
Fast and Furious Brian O'Conner
97%
Fast and Furious Leticia Ortiz-Toretto
92%
Fast and Furious Mia Toretto
90%
Fast and Furious 5 Luke Hobbs
80%
2 Fast 2 Furious Roman Pearce
80%
Fast and Furious : Tokyo Drift Han Lue
79%
2 Fast 2 Furious Tej Parker
76%
Fast and Furious Vince
58%
Fast and Furious 6 Owen Shaw
57%
Fast and Furious 4 Gisele Harabo
56%
Fast and Furious 5 Elena Neves
55%
Fast and Furious 6 Deckard Shaw
54%
Fast and Furious 9 Jakob Toretto
44%
Fast and Furious 8 Cipher
37%
Fast and Furious 7 Megan Ramsey
35%
Fast and Furious : Tokyo Drift Sean Boswell
34%
Fast and Furious 4 Arturo Braga
30%
Los Bandoleros Tego Leo
30%
Fast and Furious Hector
28%
2 Fast 2 Furious Suki
28%
Fast and Furious Jesse
26%
2 Fast 2 Furious Monica Fuentes
24%
Fast and Furious 10 Dante Reyes
23%
Fast and Furious Johnny Tran
23%
Fast and Furious Leon
20%
Fast and Furious 7 M. Personne
19%
Los Bandoleros Rico Santos
19%
2 Fast 2 Furious Carter Verone
18%
Fast and Furious 5 Hernan Reyes
18%
Fast and Furious : Tokyo Drift Twinkie
15%
Fast and Furious 10 Isabel Neves
14%
Fast and Furious : Tokyo Drift Neela
14%
Fast and Furious 10 Tess Petty
13%
Fast and Furious: Hobbs and Shaw Hattie Shaw
9%
Fast and Furious Agent Bilkins
8%
Fast and Furious 7 Mose Jakande
8%
Fast and Furious : Tokyo Drift Takashi Kamata
8%
Fast and Furious 8 Magdalene Shaw
7%
Fast and Furious 4 Michael Stasiak
7%
Fast and Furious: Hobbs and Shaw Brixton Lore
5%
Fast and Furious 6 Riley
4%
Fast and Furious 10 Abuela Toretto
3%
Fast and Furious 8 Eric Reisner
3%
Aucun quiz correspondant
Distribution des résultats
% des personnes avec chaque résultat
Percentile par nombre de réponses
Votre historique - résultats
Vous n’avez pas pris ce quiz